| 000 | 01129cad a22002055a 4500 | ||
|---|---|---|---|
| 001 | L153075 | ||
| 008 | 110602s2011 xxk f 000 0 eng d | ||
| 035 | _a(Sirsi) u153075 | ||
| 041 | 0 | _aeng | |
| 110 | 2 |
_aGreat Britain _bHealth and Safety Executive |
|
| 245 | 0 | 0 |
_aConstruction division _bplan of work 2010/2011 _h[electronic resource] |
| 260 |
_a[S.l.] _bHSE _c2011 |
||
| 520 | _aSummary of HSE's Construction Division's plan of work for the past year; achievements include making significant progress in embedding partnership working with stakeholders, piloting new approaches to delivering support and advice to small businesses, promoting the importance of involvement by workers and employers in managing health and safety, continuing to enforce the law where appropriate, and communicating the benefits of sensible health and safety. | ||
| 590 | _aKA | ||
| 651 | 4 |
_aUnited Kingdom _y |
|
| 690 | _aMANAGEMENT-HEALTH AND SAFETY | ||
| 690 | _aBUILT ENVIRONMENT-CONSTRUCTION MARKET | ||
| 856 | 4 | 0 |
_uhttps://www.hse.gov.uk/construction/work-plan-2010-11.pdf _zView this item free of charge at www.hse.gov.uk |
| 942 | _n0 | ||
| 999 |
_c112359 _d112359 |
||